00475 2200181 4500001002100000005001500021035002000036245005300056100001900109250001300128300003600141260003200177082001000209084001600219020001900235990001900254990002000273INLIS00000000000177320190924090937 a0010-09190000361 aSeri Aku Ingin Menjadi Penulis /cDina Alfiyanti0 aDina Alfiyanti aCet.4.-- a30 hlm. :bIlus. ;c21 x 24 cm. aJakarta :bErlangga,c2010. a808.3 a808.3 DIN s a978602684737-9 a1456/P/BL/2019 a14708/P/BL/2019